| 000 | 00874cam a2200229 i 4500 | ||
|---|---|---|---|
| 999 |
_c10463 _d10463 |
||
| 003 | OSt | ||
| 005 | 20220412182827.0 | ||
| 006 | m |o d | | ||
| 008 | 180926s2019 nyu ob 001 0 eng | ||
| 020 |
_z9781138594036 _qpbk. |
||
| 082 | 0 | 0 |
_a307.76 _223 |
| 245 | 0 | 0 |
_aPublic space design and social cohesion : _ban international comparison / _cedited by Patricia Aelbrecht and Quentin Stevens. |
| 300 | _a1 online resource | ||
| 504 | _aIncludes bibliographical references and index. | ||
| 650 | 0 |
_aPublic spaces _xDesign. |
|
| 650 | 0 | _aSociology, Urban. | |
| 650 | 0 | _aCity planning. | |
| 700 | 1 |
_aAelbrecht, Patricia, _eeditor. |
|
| 700 | 1 |
_aStevens, Quentin, _d1969- _eeditor. |
|
| 776 | 0 | 8 |
_iPrint version: _tPublic space design and social cohesion _dNew York : Routledge, Taylor & Francis Group, 2019. _z9781138594029 (hardback) _w(DLC) 2018046295 |
| 942 | _2ddc | ||